00532 2200169 4500245009800000020001700098250001000115100003500125650002900160005001900189260003000208041001400238084001100252500006400263490002600327336000900353 aEnsiklopedia Al-Quran (Aneka Fakta dan Indeks) Volume 6cMUHAMMAD KAMIL HASAN AL-MAHAMIhText a979-9979-0-1 aCet.1 aMUHAMMAD KAMIL HASAN AL-MAHAMI aEnsiklopedia Agama Islam a20231124143715 aJakartabPT Kharisma Ilmu aIndonesia a297.03 aDaftar isi : AL-FATIHAH, SISTEMATIKA AL-QURAN, DOA DAN ADAB aEnsiklopedia Al-Quran atext